Holland /

Bibliographic Details
Main Author: Kers, Martin, 1944-
Other Authors: Bouman, Hans, 1955-
Format: Book
Language:English
Dutch
Language Notes:Text in Dutch and English.
Published: Deventer : Thieme Art, [2009 or 2010]
Subjects:

MARC

Tag First Indicator Second Indicator Subfields
LEADER 00000cam a2200000 a 4500
001 in00002575124
005 20151201153151.0
008 100113q20092010ne a 000 0 eng d
020 |a 9789078964490 
020 |a 9078964499 
035 |a (OCoLC)ocn500801377 
040 |a BTCTA  |c BTCTA  |d CDX  |d YDX  |d IWA  |d TXA  |d UtOrBLW 
041 1 |a dut  |a eng 
049 |a TXAM 
082 0 |a 779.36492 
090 |a TR660  |b .K48 2010 
100 1 |a Kers, Martin,  |d 1944- 
245 1 0 |a Holland /  |c fotografie, Martin Kers ; tekst, Hans Bouman. 
264 1 |a Deventer :  |b Thieme Art,  |c [2009 or 2010] 
300 |a 192 pages :  |b chiefly color illustrations ;  |c 22 cm. 
336 |a text  |b txt  |2 rdacontent 
337 |a unmediated  |b n  |2 rdamedia 
338 |a volume  |b nc  |2 rdacarrier 
546 |a Text in Dutch and English. 
500 |a "Verstilde dorpen, weidse polders en krachtige rivieren / Tranquil villages, panoramic polders and powerful rivers"--Cover. 
651 0 |a Netherlands  |v Pictorial works. 
700 1 |a Bouman, Hans,  |d 1955- 
945 |a PromptCat 
948 |a cataloged  |b h  |c 2010/7/27  |d c  |e dmitchel  |f 2:44:16 pm 
994 |a C0  |b TXA 
999 |a MARS 
999 f f |s 8012850f-02de-3d9a-a97b-c0e175f95ca0  |i 93058037-4a42-3115-8d25-070967d155af  |t 0 
952 f f |p normal  |a Texas A&M University  |b College Station  |c Sterling C. Evans Library  |d Evans: Library Stacks  |t 0  |e TR660 .K48 2010  |h Library of Congress classification  |i unmediated -- volume  |m A14840178858 
998 f f |a TR660 .K48 2010  |t 0  |l Evans: Library Stacks